|
|
|
|
| LEADER |
00000nab a2200000 a 4500 |
| 001 |
vtls000583398 |
| 003 |
SK-MaSNL |
| 005 |
20260303234321.0 |
| 008 |
120930c1993 xo 0 slo |
| 015 |
|
|
|a SNBRA19rr/mm-uuuuu
|
| 035 |
|
|
|a CL0583537
|
| 040 |
|
|
|a SNKBUCL
|b slo
|c SNKBUCL
|e AACR2
|
| 041 |
0 |
|
|a slo
|
| 044 |
|
|
|a xo
|c SK
|
| 080 |
|
|
|a 629.45.023.11.004.6:620.1
|2 1981
|
| 080 |
|
|
|a 620.1
|2 1981
|
| 100 |
1 |
|
|a Malinčík, Stanislav
|4 aut
|9 10767
|
| 245 |
1 |
0 |
|a Diagnostika podvozkov osobných vozňov GP-200
|c Stanislav Malinčík
|
| 300 |
|
|
|b Obr. 2, sch. 1, tab. 3, res. nem., lit. 2 zázn. v slov.
|
| 650 |
0 |
7 |
|a osobné železničné vozne
|2 snkbucl
|9 79491
|
| 650 |
0 |
7 |
|a železničné podvozky
|2 snkbucl
|9 1241631
|
| 650 |
0 |
7 |
|a technická diagnostika
|2 snkbucl
|9 3986
|
| 655 |
|
7 |
|a články zo zborníkov
|2 snkbucl
|9 166140
|
| 773 |
0 |
|
|t Deviata medzinárodná vedecká konferencia
|d Žilina : Vysoká škola dopravy a spojov, 1993
|g S. 53-58
|z 8071001570
|
| 850 |
|
|
|a Slovenská národná knižnica v Martine
|a MTA001
|
| 852 |
|
|
|a SNK
|b KIS3GCP
|
| 958 |
|
|
|a RK
|
| 992 |
|
|
|a RZB
|
| 999 |
|
|
|c 2520321
|d 2522251
|